Raúl Roa o el 30 en la literatura /
Збережено в:
| Автор: | |
|---|---|
| Формат: | Невідомо |
| Мова: | Spanish |
| Предмети: | |
| Теги: |
Додати тег
Немає тегів, Будьте першим, хто поставить тег для цього запису!
|
MARC
| LEADER | 000000000a22000000004500 | ||
|---|---|---|---|
| 001 | 002357 | ||
| 041 | 0 | |a spa | |
| 100 | 1 | |a Castañeda, Eduardo | |
| 245 | 1 | 0 | |a Raúl Roa o el 30 en la literatura / |c Eduardo Castañeda. |
| 310 | |a bimestral | ||
| 650 | 4 | |a ROA, RAUL | |
| 650 | 4 | |a REVOLUCION DE 1930 | |
| 650 | 4 | |a RELLA, JULIO ANTONIO | |
| 650 | 4 | |a MARTINEZ VILLA, RUBEN | |
| 650 | 4 | |a LA TORRIENTE BRAU, PABLO DE | |
| 650 | 4 | |a LA REVOLUCION DEL 30 SE FUE A BOLINA | |
| 650 | 4 | |a LITERATURA CUBANA | |
| 650 | 4 | |a GENERACION DE LOS 30 | |
| 650 | 4 | |a MAÑACH, JULIO | |
| 650 | 4 | |a VILLENA | |
| 773 | 0 | |x 008-7157 |d Cuba : Casa de las Américas |t Casa de las Américas |g número 55 (1969), páginas 124-126 | |
| 942 | |c ARC | ||
| 999 | |c 9876 |d 9876 | ||
